00820nam a22002177a 4500003000900000008004100009020001800050040007100068082001500139110006300154245007900217260003200296300005100328505008400379650001200463650001700475650001800492700002800510700002900538700003500567AR-CdUCM190308b ||||| |||| 00| 0 spa d a84-7031-005-4 aMUNICIPALIDAD PROVINCIAL DEL CUSCOcBIBLIOTECA MUNICIPAL DEL CUSCO a725 /bH77 aEDES - Empresa de proyectos y estudios técnicos, S. A.  aHoteles :bAnálisis métrico y funcional del núcleo de habitaciones / aBarcelona :bBlume ;c1976. a125 páginas ;bCuadros, tablas, planosc29cm aContenido: 1. Análisis métrico y funcional del núcleo de habitaciones --  aHoteles aHabitaciones aEdificación aAgustí Montalvo, Juan aSilva Betts, Enrique Da  aMata Gorostizaga, José de la